Most Valuable SPFL Players - Statistics

General Stats
  • This quiz has been taken 10 times
  • The average score is 20 of 25
Answer Stats
Nationality Club MV Player % Correct
Japanese Celtic 12 million Daizen Maeda
100%
Canadian Celtic 8 million Alistair Johnston
88%
Danish Rangers 8 million Andreas Skov Olsen
88%
Belgian Celtic 18 million Arne Engels
88%
Swedish Celtic 10 million Benjamin Nygren
88%
American Celtic 10 million Cameron Carter-Vickers
88%
Portuguese Hearts 6 million Claudio Braga
88%
Mauritainian Rangers 7 million Djeidi Gassama
88%
Nigerian Rangers 9 million Emmanuel Fernandez
88%
Mexican Celtic 10 million Julian Araujo
88%
Irish Celtic 5 million Liam Scales
88%
English Rangers 16 million Mikey Moore
88%
Burkina Faso Rangers 6 million Nasser Djiga
88%
Belgian Rangers 12 million Nico Raskin
88%
Japanese Celtic 10 million Reo Hatate
88%
Portuguese Rangers 9 million Youssef Chermiti
88%
American Celtic 6 million Auston Trusty
75%
Portuguese Celtic 5 million Jota
75%
Scottish Celtic 8 million Kieran Tierney
75%
Ivorian Rangers 7 million Mohammed Diomande
75%
German Rangers 4.5 million Ryan Naderi
75%
Tunisian Celtic 6 million Sebastian Tounekti
75%
Belgian Rangers 5 million Tuur Rommens
75%
Portuguese Celtic 4 million Paulo Bernardo
63%
Danish Rangers 5 million Tochi Chukuwuani
25%
No matching quizzes found
Score Distribution
Percent of People with Each Score
Percentile by Number Answered
Your Score History
You have not taken this quiz